00167nam a2200073Ia 4500008004100000082000800041100002100049245002300070240331s9999 xx 000 0 und d bBAA aSubramania,C. ed 0aBaarati karuvoolam